000 002230000a22000970004500
100 1 _aShane, Mary O.
245 1 0 _aSuffering as blessing
300 _aVol. 14, Núm 3 (1996), Páginas 71-76
773 0 _tEvangel
942 _cANA
999 _c54174
_d54174